[Event "Dhaka Walton op"]
[Site "Dhaka"]
[Date "2022.04.12"]
[Round "9"]
[White "Nasirul, Islam Sangram"]
[Black "Gazi Salah, Uddin"]
[Result "0-1"]
[WhiteElo "1871"]
[BlackElo "2000"]
[PlyCount "54"]
[EventDate "2022.04.04"]
[EventType "swiss"]
[EventRounds "9"]
[EventCountry "BAN"]
[SourceTitle "CBM 207 Extra"]
[Source "ChessBase"]
[SourceDate "2022.05.31"]
[SourceVersion "1"]
[SourceVersionDate "2022.05.31"]
[SourceQuality "1"]

1. d4 Nf6 2. c4 e6 3. Nc3 Bb4 4. Qc2 c5 5. Nf3 cxd4 6. Nxd4 a6 7. e3 Qc7 8. Bd2 Be7 9. Be2 b6 10. Bf3 Bb7 11. b3 d6 12. Nce2 Nbd7 13. Ng3 Rc8 14. Rc1 0-0 15. Bxb7 Qxb7 16. 0-0 d5 17. Qd3 Ne5 18. Qe2 dxc4 19. bxc4 Rc7 20. f4 Ned7 21. f5 e5 22. Nf3 e4 23. Ng5 Rfc8 24. Rf4 Bd6 25. Rh4 Bxg3 26. hxg3 b5 27. Ba5 Rxc4 0-1